000 00254nam a22001097a 4500
082 _a669.7 DEN'M
100 _aDENNIS, W. H
_958325
245 _aMETALLURGY OF THE NON-FERROUS METALS
260 _aLONDON
_bSIR ISAAC
_c1961
300 _a711P
942 _cBK
999 _c568522
_d568522